Normal view
MARC view
Entry Personal Name
001 - CONTROL NUMBER
- control field: 77571
003 - CONTROL NUMBER IDENTIFIER
- control field: dpl
005 - DATE AND TIME OF LATEST TRANSACTION
- control field: 20250214103618.0
008 - FIXED-LENGTH DATA ELEMENTS
- fixed length control field: 250214|| aca||aabn | a|a d
040 ## - CATALOGING SOURCE
- Original cataloging agency: dpl
- Transcribing agency: dpl
100 ## - HEADING--PERSONAL NAME
- Personal name: Babu, Suresh.A
670 ## - SOURCE DATA FOUND
- Source citation: Work cat.: (dpl)209039: Babu, Suresh.A, APPSC Mechanical Engineers Examination/, 2012
